000 00740nam a22002057a 4500
005 20150124122926.0
008 111123t mx||||| |||| 00| 0 spa d
020 _a9702607817
050 0 4 _aBJ1012
_bO54 2007
100 1 _aOjeda Olalla, María Eugenia
245 1 0 _aÉtica :
_buna visión global de la conducta humana /
_cMaría Eugenia Ojeda Olalla, Paula Arizmendi Mar, Enrique Rivero Ojeda ; tev, tec. Felipe G. Lazarillo Moralez.
250 _a1a ed.
260 _aMéxico :
_bPearson educación,
_c2007
300 _ax, 238 p. :
_bil. ;
_c27 cm.
504 _aIncluye bibliografía e índice
650 7 _2LEMB
_aÉtica
700 1 _aArizmendi Mar, Paula,
_ecoaut.
700 1 _aRivero Ojeda, Enrique,
_ecoaut.
942 _2ddc
_cLIB
999 _c27443
_d27443